Romanian County Capitals with a Map - Statistics

General Stats
  • This quiz has been taken 105 times
  • The average score is 31 of 42
Answers on the Map
Answers color-coded by a green-red scale on the quiz's map according to % correct below.
 
Answer Stats
City % Correct
Bucharest
93%
Bucharest
93%
Iași
91%
Constanța
90%
Arad
88%
Tulcea
88%
Brașov
87%
Cluj-Napoca
87%
Suceava
87%
Timișoara
87%
Galați
86%
Botoșani
84%
Alba Iulia
83%
Bacău
83%
Satu Mare
83%
Sibiu
81%
Buzău
80%
Oradea
80%
Vaslui
80%
Brăila
78%
Craiova
78%
Drobeta-Turnu Severin
78%
Giurgiu
77%
Piatra Neamț
75%
Ploiești
74%
Călărași
72%
Baia Mare
68%
Pitești
67%
Bistrița
65%
Târgoviște
65%
Târgu Mureș
65%
Deva
64%
Zalău
64%
Alexandria
62%
Râmnicu Vâlcea
59%
Focșani
57%
Reșița
57%
Slobozia
57%
Miercurea Ciuc
55%
Sfântu Gheorghe
55%
Târgu Jiu
54%
Slatina
49%
No matching quizzes found
Score Distribution
Percent of People with Each Score
Percentile by Number Answered
Your Score History
You have not taken this quiz